00414 2200169 4500001002100000005001500021035002000036245006100056100001700117300001200134260003400146082000800180084001400188020001800202990001200220990001200232INLIS00000000000162220250425075105 a0010-04250000381 aAku Anak Sholeh Pandai Sholat dan Berdoa /cUst. Hambali0 aUst. Hambali a125 hlm aJawa Tengah :bTawadhu,c2014 a200 a200 UST a a979-964-564-6 a0754709 a0754710